000 00967nam a2200277 i 4500
001 77813
003 ES-MaACL
005 20250905101956.0
007 t|
008 041110s1999 sp ||||1| spa d
020 _a84-8003-180-8
080 _a74 Barceló, Miquel (083.824)
080 _a75 Barceló, Miquel (083.824)
100 1 _aBarceló, Miquel.
_925509
245 1 0 _aObra sobre papel 1979-1999 /
_cMiquel Barceló.
260 _aMadrid :
_bMuseo Nacional Centro de Arte Reina Sofía :
_bAldeasa,
_c[1999]
300 _a388 p., XII p., [5] p. de lám. :
_bprincipalmente il. ;
_c28 x 30 cm.
500 _aExposición itinerante.
500 _aTexto en español e inglés.
600 1 4 _aBarceló, Miquel-
_vExposiciones.
_925510
655 7 _2tgfbne
_9193628
_aCatálogos de exposiciones
710 2 _aMuseo Nacional Centro de Arte Reina Sofía
_9147737
852 _aES-MaACL
_jL-28408
_bR.134522
942 _2udc
999 _c77813
_d77813